000
00306nam a22001217a 4500
008
230704b xxu||||| |||| 00| 0 eng d
020
_a
9231027166
082
_a
341
_b
BED 1991
245
_a
International Law: Achievements and Prospects
260
_b
UNESCO
_c
1991
300
_a
LVIII,1276p
942
_2
ddc
_c
BK
999
_c
3935
_d
3935